Le gouvernement parlementaire en Angleterre / (Record no. 167850)

MARC details
000 -LEADER
campo de control de longitud fija 01118nam a2200253 i 4500
001 - NÚMERO DE CONTROL
campo de control 167850
003 - IDENTIFICADOR DE NÚMERO DE CONTROL
campo de control ES-MaACL
005 - FECHA Y HORA DE LA ÚLTIMA TRANSACCIÓN
campo de control 20251003164603.0
008 - DATOS DE LONGITUD FIJA--INFORMACIÓN GENERAL
campo de control de longitud fija 990514m19009999fr |||| | fre d
100 1# - ENTRADA PRINCIPAL--NOMBRE DE PERSONA
Nombre de persona Todd, Alpheus.
9 (RLIN) 133281
245 13 - MENCIÓN DEL TÍTULO
Título Le gouvernement parlementaire en Angleterre /
Mención de responsabilidad, etc. par A. Todd ; traduit sur l'édition anglaise de M. Spencer Walpole ; avec une préface de Casimir-Périer.
260 ## - PUBLICACIÓN, DISTRIBUCIÓN, ETC.
Lugar de publicación, distribución, etc. Paris :
Nombre del editor, distribuidor, etc. V. Giard & E. Brière,
Fecha de publicación, distribución, etc. 1900.
300 ## - DESCRIPCIÓN FÍSICA
Extensión 2 v. ;
Dimensiones 20 cm.
490 1# - MENCIÓN DE SERIE
Mención de serie Bibliothèque internationale de droit public / publiée sous la direction de Max Boucard [y] Gaston Jeze
597 ## - NOTA DE DESCRIPCIÓN FÍSICA
NOTA DE DESCRIPCIÓN FÍSICA Antep.
597 ## - NOTA DE DESCRIPCIÓN FÍSICA
NOTA DE DESCRIPCIÓN FÍSICA T. I (XII, 466 p.) - T. II ([4], 445 p.)
610 14 - PUNTO DE ACCESO ADICIONAL DE MATERIA--NOMBRE DE ENTIDAD CORPORATIVA
Nombre de entidad corporativa o nombre de jurisdicción como elemento de entrada Gran Bretaña.
Unidad subordinada Parliament-
Subdivisión de forma Historia.
9 (RLIN) 150085
651 #4 - PUNTO DE ACCESO ADICIONAL DE MATERIA--NOMBRE GEOGRÁFICO
Nombre geográfico Inglaterra-
Subdivisión general Política y gobierno.
9 (RLIN) 8844
700 1# - ENTRADA AGREGADA--NOMBRE PERSONAL
Nombre de persona Casimir-Périer, Auguste,
Fechas asociadas al nombre 1811-1876
9 (RLIN) 158669
700 1# - ENTRADA AGREGADA--NOMBRE PERSONAL
Nombre de persona Walpole, Spencer.
9 (RLIN) 133876
830 0# - PUNTO DE ACCESO ADICIONAL DE SERIE-TÍTULO UNIFORME
Título uniforme Bibliothèque internationale de droit public / publiée sous la direction de Max Boucard [y] Gaston Jeze
9 (RLIN) 222659
852 ## - LOCALIZACIÓN
Ubicación ES-MaACL
Número de control de estantería D-1252-53
Nota libre - Enc. tela
Holdings
Estatus retirado Estado de pérdida Estado de daño No para préstamo Colección Biblioteca de origen Biblioteca actual Ubicación en estantería Fecha de adquisición Total de préstamos Signatura topográfica completa Código de barras Visto por última vez Precio de reemplazo Tipo de ítem Koha
        Libros del s. XIX Biblioteca del Ateneo de Madrid Biblioteca del Ateneo de Madrid Sala Valle Inclán 17/01/2008   D-1252-53 901176095 23/02/2023 23/02/2023 Libro impreso antiguo